000 01247nmc a2200433 a 4500
003 AR-BaBNM
005 20251128210424.0
008 280020s1999 ||||||||||||||000 | spa||
020 _a950-511-531-8
040 _cAR-BaBNM
100 1 _aCabal, Graciela Beatriz
245 1 0 _aS.O.S Planeta en peligro
_bel hombre contra la naturaleza
250 _a1ª ed.
260 _aBuenos Aires
_bAlfaguara
_c1999
300 0 _a39 p.
_bil.
490 0 _aEl club de los ecoamigos
_vv. 5
500 0 _aContiene actividades de aprendizaje
650 4 _aGEOGRAFIA HUMANA
650 4 _aCONTAMINACION
650 4 _aEDUCACION AMBIENTAL
650 4 _aECOLOGIA
650 4 _aRECICLAJE
650 4 _aTECNICAS DE ENSENANZA
650 4 _aMEDIO AMBIENTE
650 4 _aEDUCACION DEL NINO
650 4 _aACTIVIDADES DE APRENDIZAJE
650 4 _aRECICLAJE DE DESECHOS
650 4 _aCONSERVACION DEL MEDIO AMBIENTE
650 4 _aECOSISTEMAS
650 4 _aRADIACION SOLAR
650 4 _aDEMOGRAFIA
650 4 _aESPECIES EN PELIGRO DE EXTINCION
653 0 _aTEMAS TRANSVERSALES
653 0 _aIMPACTO AMBIENTAL
700 1 _aNobati, María Eugenia
_eilustrador
700 1 _aFiorini, Nancy
_eilustrador
942 _cBK
998 _cMARTIN
999 _c15410
_d15410